00629 a2200181 4500003000400000005001700004008004100021020001800062040000900080082001900089100003100108245007000139260003900209300000900248942004400257952012900301999001700430OSt20231229111859.0231229b |||||||| |||| 00| 0 eng d a9789350724712 coclc a891.433bRAI/S aRai, Vibhuti Narain910229 aSHAHAR MEIN CURFEW TATHA ANYA CHAAR UPANYAS /cVibhuti Narain Rai aNew Delhi:bVani Prakashan,c2014. a576p 2ddccBKh891.433iRAI/Sk891.433mRAI/S 00102ddc40708FICaMESbMEScHINd2023-12-29l0o891.433 RAI/Sp43247r2023-12-29 11:19:30v250.00w2023-12-29yBKzGR7R2 c43613d43613